Countries with Territories Claimed by Taiwan with a Map - Statistics

General Stats
  • This quiz has been taken 1,044 times
  • The average score is 16 of 18
Answers on the Map
Answers color-coded by a green-red scale on the quiz's map according to % correct below.
 
Answer Stats
Mainland % Correct
China
99%
Mongolia
99%
Taiwan
98%
Russia
97%
India
96%
Bhutan
95%
Myanmar
95%
Kazakhstan
93%
North Korea
93%
Tajikistan
92%
Kyrgyzstan
91%
Afghanistan
90%
Japan
90%
Pakistan
90%
Philippines
87%
Vietnam
83%
Malaysia
76%
Brunei
68%
No matching quizzes found
Score Distribution
Percent of People with Each Score
Percentile by Number Answered
Your Score History
You have not taken this quiz